000 00290nam a22001337a 4500
008 180924b xxu||||| |||| 00| 0 eng d
020 _a9780070340411
041 _aeng
080 _a621
100 _a26
101 _aMEK
245 _aMechanical Vibrations
_cKelly,S.G
942 _2udc
_cBK
999 _c48334
_d48334